[Event "Titled Tuesday intern op 06th Feb Late"]
[Site "Chess.com INT"]
[Date "2024.02.06"]
[Round "5"]
[White "Eilenberg, Jonas"]
[Black "Nasybullina, Alfia"]
[Result "0-1"]
[WhiteElo "2299"]
[BlackElo "2029"]
[PlyCount "138"]
[EventDate "2024.02.06"]
[EventType "swiss (blitz)"]
[EventRounds "11"]
[EventCountry "USA"]
[SourceTitle "CB07_2024"]
[SourceDate "2024.02.14"]
[SourceVersion "1"]
[SourceVersionDate "2024.02.14"]
[SourceQuality "1"]

1. e4 c6 2. Nf3 d5 3. Nc3 dxe4 4. Nxe4 Bf5 5. Ng3 Bg4 6. h3 Bxf3 7. Qxf3 Nf6 8. Bc4 e6 9. d3 Nbd7 10. Qe2 Be7 11. 0-0 0-0 12. a4 Qc7 13. Bd2 Bd6 14. Ne4 Bf4 15. Bc3 Nxe4 16. Qxe4 Nf6 17. Qf3 Rad8 18. Bxf6 gxf6 19. c3 f5 20. d4 Rfe8 21. a5 a6 22. Kh1 Kh8 23. g3 Bh6 24. Qh5 Bg7 25. g4 fxg4 26. Bd3 h6 27. hxg4 Qf4 28. Rae1 Qf3+ 29. Kg1 Qxd3 30. g5 Qg6 31. Qxg6 fxg6 32. f4 hxg5 33. fxg5 Kg8 34. Rf2 Rf8 35. Rxe6 Rxf2 36. Kxf2 Rf8+ 37. Ke2 Kf7 38. Rd6 Re8+ 39. Kd3 Re6 40. Rd7+ Re7 41. Rd8 Bf8 42. Kc4 Rc7 43. b4 Be7 44. Rb8 Bxg5 45. Kc5 Bd2 46. Kd6 Bf4+ 47. Kc5 g5 48. Kb6 g4 49. Rh8 g3 50. Rh4 Bd6 51. Rg4 Kf6 52. c4 Rg7 53. Re4 g2 54. Re1 g1Q 55. Rxg1 Rxg1 56. c5 Rb1 57. Kxb7 Rxb4+ 58. Kxc6 Bh2 59. d5 Ke7 60. d6+ Kd8 61. Kd5 Rb5 62. Kc6 Rxa5 63. Kd5 Bg1 64. Kc6 Rxc5+ 65. Kb7 Kd7 66. Kxa6 Kxd6 67. Kb7 Bf2 68. Ka6 Kc7 69. Ka7 Ra5# 0-1

[Event "Titled Tuesday intern op 12th Dec Early"]
[Site "Chess.com INT"]
[Date "2023.12.12"]
[Round "6"]
[White "Andrews, Todd D"]
[Black "Nasybullina, Alfia"]
[Result "1-0"]
[WhiteElo "2133"]
[BlackElo "2045"]
[PlyCount "107"]
[EventDate "2023.12.12"]
[EventType "swiss (blitz)"]
[EventRounds "11"]
[EventCountry "USA"]
[SourceTitle "CB51_2023"]
[SourceDate "2023.12.20"]
[SourceVersion "1"]
[SourceVersionDate "2023.12.20"]
[SourceQuality "1"]

1. d4 Nf6 2. c4 c5 3. d5 e6 4. Nc3 exd5 5. cxd5 d6 6. Nf3 g6 7. Nd2 Bg7 8. Nc4 0-0 9. Bg5 h6 10. Bf4 Ne8 11. Qd2 Kh7 12. h4 b6 13. e3 Ba6 14. a4 Bxc4 15. Bxc4 Nd7 16. h5 g5 17. Bg3 Ne5 18. Bb3 f5 19. Bc2 Kg8 20. 0-0 Nc4 21. Qc1 Qf6 22. Rb1 Qf7 23. Bd3 Ne5 24. Bxe5 Bxe5 25. Qd1 Ng7 26. Be2 Rae8 27. Nb5 f4 28. e4 a6 29. Na3 Bd4 30. Bf3 Qd7 31. b3 Re7 32. Nc4 b5 33. axb5 axb5 34. Na5 Ref7 35. Nc6 Bf6 36. Bg4 Qc7 37. Rc1 Re8 38. Re1 Be5 39. Qd3 b4 40. Qh3 Ra8 41. Nxe5 dxe5 42. Ra1 Qb8 43. Be6 Nxe6 44. Qxe6 Kg7 45. Rxa8 Qxa8 46. Qxe5+ Kh7 47. Qe6 Qf8 48. Qg6+ Kh8 49. d6 Qg7 50. Qxg7+ Kxg7 51. e5 Rd7 52. e6 Rxd6 53. e7 c4 54. e8Q 1-0

[Event "Titled Tuesday intern op 12th Dec Early"]
[Site "Chess.com INT"]
[Date "2023.12.12"]
[Round "11"]
[White "Tikhonov, Viacheslav"]
[Black "Nasybullina, Alfia"]
[Result "1-0"]
[WhiteElo "2160"]
[BlackElo "2045"]
[PlyCount "145"]
[EventDate "2023.12.12"]
[EventType "swiss (blitz)"]
[EventRounds "11"]
[EventCountry "USA"]
[SourceTitle "CB51_2023"]
[SourceDate "2023.12.20"]
[SourceVersion "1"]
[SourceVersionDate "2023.12.20"]
[SourceQuality "1"]

1. e4 c6 2. d4 d5 3. exd5 cxd5 4. Bd3 Nc6 5. c3 Nf6 6. h3 g6 7. Nf3 Bf5 8. 0-0 Bxd3 9. Qxd3 Bg7 10. Re1 0-0 11. Bf4 Ne4 12. Nbd2 Nxd2 13. Nxd2 Re8 14. Nf3 Rc8 15. h4 h5 16. g3 Qb6 17. Re2 Qa6 18. Qxa6 bxa6 19. Nd2 e5 20. dxe5 Nxe5 21. Rae1 f6 22. Bxe5 fxe5 23. f4 e4 24. Nb3 Rc4 25. Rd1 Rd8 26. Kf2 Kf7 27. Ke3 Ke6 28. Nd4+ Kd6 29. Nc2 Rb8 30. Nd4 a5 31. a3 a4 32. Rdd2 Bf8 33. Rg2 Kd7 34. g4 Bc5 35. gxh5 gxh5 36. Rg7+ Kd6 37. Rg6+ Kd7 38. Rg5 Kd6 39. f5 Rb3 40. Rg6+ Kd7 41. Kf4 Bxd4 42. cxd4 e3 43. Re2 Rxd4+ 44. Ke5 Rd2 45. Rg7+ Kc6 46. Rgg2 Rxe2 47. Rxe2 Kc5 48. f6 d4 49. Rc2+ Kb6 50. Kxd4 Rb5 51. Kxe3 Rf5 52. Rf2 Rd5 53. f7 Rd8 54. f8Q Rxf8 55. Rxf8 Kb5 56. Rc8 a5 57. Rc3 Kb6 58. Kf4 Kb5 59. Kg5 Kb6 60. Kxh5 Kb5 61. Kg5 Kb6 62. h5 Kb5 63. h6 Kb6 64. h7 Kb5 65. h8Q Kb6 66. Qh7 Kb5 67. Qh8 Kb6 68. Qd4+ Kb5 69. Qc4+ Kb6 70. Qxa4 Ka6 71. Qc6+ Ka7 72. Rb3 a4 73. Qb7# 1-0

[Event "KAZ Cup Final (Women)"]
[Site "Almaty"]
[Date "2023.11.29"]
[Round "1.2"]
[White "Nasybullina, Alfia"]
[Black "Ivanaeva, Alina"]
[Result "1-0"]
[WhiteElo "2045"]
[BlackElo "1691"]
[PlyCount "109"]
[EventDate "2023.11.28"]
[EventType "k.o."]
[EventRounds "4"]
[EventCountry "KAZ"]
[SourceTitle "CB49_2023"]
[SourceDate "2023.12.06"]
[SourceVersion "1"]
[SourceVersionDate "2023.12.06"]
[SourceQuality "1"]

1. e4 e5 2. Nf3 Nc6 3. d4 exd4 4. Bc4 Nf6 5. e5 d5 6. Bb5 Ne4 7. Nxd4 Bc5 8. 0-0 Bd7 9. Bxc6 bxc6 10. f3 Ng5 11. f4 Ne4 12. Be3 Qe7 13. Nd2 f5 14. Qe1 0-0 15. Rd1 Bb6 16. N4b3 Be6 17. a4 a5 18. Nxe4 dxe4 19. Nd4 Bxd4 20. Rxd4 c5 21. Rd1 c4 22. Qf2 Rfb8 23. Bc5 Qe8 24. c3 Rd8 25. Rd4 Qxa4 26. g4 Rxd4 27. Qxd4 Qd7 28. Qxd7 Bxd7 29. Rd1 Be6 30. gxf5 Bxf5 31. Kf2 Rb8 32. Ba3 Kf7 33. Rd4 Be6 34. Ke3 g6 35. Kxe4 Ke8 36. f5 gxf5+ 37. Ke3 Rd8 38. Rh4 Rd7 39. Rh6 Bd5 40. e6 Rg7 41. Rf6 Rg8 42. Kd4 c6 43. Ke5 Kd8 44. Kd6 Re8 45. Bc5 f4 46. e7+ Rxe7 47. Rf8+ Re8 48. Bb6+ Kc8 49. Rxe8+ Kb7 50. Bf2 Ka6 51. Kc5 f3 52. Ra8+ Kb7 53. Rxa5 h5 54. Kd6 h4 55. Rxd5 1-0

[Event "Titled Tuesday intern op 14th Nov Early"]
[Site "Chess.com INT"]
[Date "2023.11.14"]
[Round "5"]
[White "Estrada Nieto, Julian"]
[Black "Nasybullina, Alfia"]
[Result "1/2-1/2"]
[WhiteElo "2212"]
[BlackElo "2045"]
[PlyCount "168"]
[EventDate "2023.11.14"]
[EventType "swiss (blitz)"]
[EventRounds "11"]
[EventCountry "USA"]
[SourceTitle "CB47_2023"]
[SourceDate "2023.11.22"]
[SourceVersion "1"]
[SourceVersionDate "2023.11.22"]
[SourceQuality "1"]

1. e4 c6 2. d4 d5 3. exd5 cxd5 4. Bd3 Nc6 5. c3 Nf6 6. Nf3 Bg4 7. Bf4 Bxf3 8. Qxf3 e6 9. 0-0 Qb6 10. Nd2 Be7 11. Rab1 0-0 12. Qh3 Rfe8 13. Nf3 Ne4 14. Rfe1 f5 15. Re2 Bf6 16. Rbe1 Ne7 17. Ne5 g5 18. Qh5 gxf4 19. Bxe4 Bxe5 20. Bxf5 Nxf5 21. Rxe5 Qc6 22. Qg5+ Ng7 23. h4 Rf8 24. Rxe6 Rf5 25. Rxc6 Rxg5 26. Rc7 Rg4 27. Ree7 Re8 28. Rxe8+ Nxe8 29. Rxb7 Rg7 30. Rb8 Kf7 31. Rd8 Nc7 32. Kf1 Ke7 33. Rc8 Kd7 34. Rb8 Kc6 35. b3 Rf7 36. c4 dxc4 37. bxc4 Na6 38. Rb3 Re7 39. d5+ Kc5 40. Ra3 Nb4 41. Ra4 Kxc4 42. a3 Kxd5 43. Rxb4 Ke5 44. Rb5+ Kf6 45. f3 h6 46. Kf2 Re3 47. Ra5 Re7 48. Ra6+ Kg7 49. a4 Rb7 50. g4 fxg3+ 51. Kxg3 Kh7 52. h5 Kg7 53. Kg4 Rb4+ 54. f4 Rb7 55. a5 Kh7 56. Rg6 Rb5 57. Ra6 Rb7 58. Rc6 Kg7 59. Kf5 Rf7+ 60. Ke5 Re7+ 61. Re6 Rb7 62. Rd6 Rb5+ 63. Rd5 Rb7 64. f5 Re7+ 65. Kf4 Kf7 66. Rd6 Rb7 67. Rxh6 Kg7 68. Kg5 Rb1 69. Rg6+ Kf7 70. Ra6 Rg1+ 71. Kh6 Kg8 72. Rxa7 Rf1 73. a6 Rxf5 74. Rb7 Rf6+ 75. Kg5 Rxa6 76. h6 Kh8 77. h7 Ra8 78. Rc7 Rb8 79. Rd7 Ra8 80. Re7 Rb8 81. Rf7 Ra8 82. Kg6 Ra6+ 83. Rf6 Rxf6+ 84. Kxf6 Kxh7 1/2-1/2

[Event "Titled Tuesday intern op 14th Nov Early"]
[Site "Chess.com INT"]
[Date "2023.11.14"]
[Round "4"]
[White "Nasybullina, Alfia"]
[Black "Omariev, Maksim"]
[Result "0-1"]
[WhiteElo "2045"]
[BlackElo "2304"]
[PlyCount "108"]
[EventDate "2023.11.14"]
[EventType "swiss (blitz)"]
[EventRounds "11"]
[EventCountry "USA"]
[SourceTitle "CB47_2023"]
[SourceDate "2023.11.22"]
[SourceVersion "1"]
[SourceVersionDate "2023.11.22"]
[SourceQuality "1"]

1. d4 h5 2. Nf3 h4 3. h3 e6 4. e4 d5 5. e5 c5 6. c3 Nc6 7. Bd3 Qb6 8. a3 Bd7 9. b4 cxd4 10. 0-0 dxc3 11. Nxc3 Be7 12. b5 Nd4 13. Na4 Nxf3+ 14. gxf3 Qc7 15. Be3 Nh6 16. f4 Nf5 17. Rc1 Qa5 18. Bd2 Qd8 19. Nc5 b6 20. Na6 0-0 21. a4 Rc8 22. Bb4 Rxc1 23. Qxc1 Bc8 24. Bxf5 exf5 25. Rd1 Bxa6 26. Bxe7 Qxe7 27. bxa6 Rd8 28. Qc2 g6 29. Qd3 Qb4 30. Qd4 Qxd4 31. Rxd4 Kf8 32. Kg2 Ke7 33. Kf3 Ke6 34. Ke3 Rc8 35. Rd3 Rc4 36. Ra3 Re4+ 37. Kf3 Re1 38. a5 Rh1 39. Kg2 Rb1 40. axb6 Rxb6 41. Kf3 d4 42. Ke2 Kd5 43. Kd3 Rb5 44. f3 Kc5 45. Ra4 Rb3+ 46. Ke2 Re3+ 47. Kf2 Rb3 48. Ke2 Rb4 49. Ra5+ Kc4 50. Kd2 Rb2+ 51. Kc1 Rh2 52. e6 fxe6 53. Re5 Rxh3 54. Rxe6 Rxf3 0-1

[Event "Titled Tuesday intern op 14th Nov Early"]
[Site "Chess.com INT"]
[Date "2023.11.14"]
[Round "1"]
[White "Navarrete Mendez, Gonzalo Albe"]
[Black "Nasybullina, Alfia"]
[Result "1-0"]
[WhiteElo "2189"]
[BlackElo "2045"]
[PlyCount "89"]
[EventDate "2023.11.14"]
[EventType "swiss (blitz)"]
[EventRounds "11"]
[EventCountry "USA"]
[SourceTitle "CB47_2023"]
[SourceDate "2023.11.22"]
[SourceVersion "1"]
[SourceVersionDate "2023.11.22"]
[SourceQuality "1"]

1. e4 e6 2. d4 d5 3. Nc3 Bb4 4. e5 c5 5. a3 Bxc3+ 6. bxc3 Nc6 7. a4 Qa5 8. Nf3 cxd4 9. Bd3 Nge7 10. 0-0 dxc3 11. Ba3 Bd7 12. Re1 Ng6 13. Bd6 Rc8 14. h4 Nf4 15. Bb5 a6 16. Bf1 Ne7 17. Qd4 Nfg6 18. h5 Nf5 19. Qg4 Nf8 20. Bd3 g6 21. Bxf5 exf5 22. Qh4 Qd8 23. Qd4 Be6 24. Rab1 b5 25. axb5 axb5 26. Rxb5 Nd7 27. Rb7 Qa5 28. Qh4 Qd8 29. Qa4 Ra8 30. Qb4 Qa5 31. Qh4 Qd8 32. Qd4 Rc8 33. Reb1 Qa5 34. Qh4 Qd8 35. Qa4 Ra8 36. Qb3 Rc8 37. Nd4 Qa5 38. h6 Nc5 39. Re7+ Kd8 40. Qb6+ Qxb6 41. Rxb6 Nd7 42. Nc6+ Rxc6 43. Rxc6 Re8 44. Rxe8+ Kxe8 45. Rc8# 1-0

[Event "Titled Tuesday intern op 24th Oct Late"]
[Site "Chess.com INT"]
[Date "2023.10.24"]
[Round "5"]
[White "Gazineu Neto, Rubens"]
[Black "Nasybullina, Alfia"]
[Result "1-0"]
[WhiteElo "1912"]
[BlackElo "2045"]
[PlyCount "68"]
[EventDate "2023.10.24"]
[EventType "swiss (blitz)"]
[EventRounds "11"]
[EventCountry "USA"]
[SourceTitle "Mega2024 Update 01"]
[Source "Chessbase"]
[SourceDate "2023.11.12"]
[SourceVersion "1"]
[SourceVersionDate "2023.11.12"]
[SourceQuality "1"]

1. e4 c6 2. d4 d5 3. Nc3 dxe4 4. Nxe4 Nd7 5. Nf3 Ngf6 6. Nxf6+ Nxf6 7. Bd3 Bg4 8. c3 e6 9. 0-0 Bd6 10. h3 Bh5 11. Re1 0-0 12. a4 Bg6 13. Bxg6 hxg6 14. Ne5 Bxe5 15. Rxe5 Qd7 16. a5 Rfd8 17. Qf3 Nd5 18. Bd2 b6 19. axb6 axb6 20. Ree1 c5 21. dxc5 bxc5 22. Bg5 Rdb8 23. Qe2 Rxa1 24. Rxa1 f6 25. Bc1 e5 26. Qc4 Qc6 27. Ra6 Qb7 28. Rd6 Kh7 29. Qxd5 Qa7 30. Be3 Rxb2 31. Rd7 Qa1+ 32. Kh2 Rb1 33. Qf7 Rh1+ 34. Kg3 Rxh3+ 1-0

[Event "RUS-chT Rapid (Women)"]
[Site "Sochi"]
[Date "2023.10.19"]
[Round "6.14"]
[White "Nasybullina, Alfia"]
[Black "Garmash, Aliona"]
[Result "0-1"]
[WhiteElo "2045"]
[BlackElo "2070"]
[PlyCount "92"]
[EventDate "2023.10.18"]
[EventType "team-swiss (rapid)"]
[EventRounds "9"]
[EventCountry "RUS"]
[SourceTitle "Mega2024 Update 01"]
[Source "Chessbase"]
[SourceDate "2023.11.12"]
[SourceVersion "1"]
[SourceVersionDate "2023.11.12"]
[SourceQuality "1"]
[WhiteTeam "Krasnodar Kassiopeya (W)"]
[BlackTeam "St Petersburg SShOR (W) II"]
[WhiteTeamCountry "RUS"]
[BlackTeamCountry "RUS"]

1. d4 d5 2. Nf3 Nf6 3. c3 Bf5 4. Qb3 Qc8 5. Bg5 Nbd7 6. e3 h6 7. Bxf6 Nxf6 8. c4 e6 9. Nc3 c6 10. Be2 Bd6 11. c5 Bc7 12. h3 e5 13. Nxe5 Bxe5 14. dxe5 Nd7 15. g4 Bg6 16. f4 Nxc5 17. Qb4 Be4 18. Qxc5 Bxh1 19. 0-0-0 Bg2 20. e4 Bxe4 21. Nxe4 dxe4 22. f5 Qc7 23. e6 Rd8 24. Rxd8+ Qxd8 25. exf7+ Kxf7 26. Bc4+ Kf6 27. Qxa7 Qc7 28. Qf2 Qd8 29. b3 e3 30. Qxe3 Re8 31. Qf2 Qc8 32. Qh4+ Ke5 33. Qg3+ Kf6 34. Qd6+ Kg5 35. Qg6+ Kh4 36. Qxg7 Re1+ 37. Kd2 Qe8 38. Qxh6+ Kg3 39. Be6 Rf1 40. Qe3+ Rf3 41. Qe5+ Kg2 42. Qf6 Qa8 43. a4 Qa5+ 44. Kc2 Qc5+ 45. Bc4 b5 46. axb5 cxb5 0-1

[Event "RUS-chT Blitz (Women)"]
[Site "Sochi"]
[Date "2023.10.17"]
[Round "8.20"]
[White "Nasybullina, Alfia"]
[Black "Yusupova, Adel"]
[Result "1-0"]
[WhiteElo "2045"]
[BlackElo "1640"]
[PlyCount "62"]
[EventDate "2023.10.17"]
[EventType "team-tourn (blitz)"]
[EventRounds "13"]
[EventCountry "RUS"]
[SourceTitle "Mega2024 Update 01"]
[Source "Chessbase"]
[SourceDate "2023.11.12"]
[SourceVersion "1"]
[SourceVersionDate "2023.11.12"]
[SourceQuality "1"]
[WhiteTeam "Krasnodar Kassiopeya (W)"]
[BlackTeam "Bashkortostan (W)"]
[WhiteTeamCountry "RUS"]
[BlackTeamCountry "RUS"]

1. d4 d5 2. Nf3 Nf6 3. Bf4 Bf5 4. e3 e6 5. Bd3 Bxd3 6. Qxd3 Be7 7. 0-0 0-0 8. h3 c5 9. dxc5 Bxc5 10. Nc3 Nc6 11. a3 a5 12. Rad1 Qe7 13. Ne5 Nxe5 14. Bxe5 Rac8 15. Rfe1 Rfd8 16. Qb5 Nd7 17. Bd4 Bxd4 18. exd4 Nf6 19. Qxa5 Rc4 20. Rd2 Rdc8 21. Nxd5 Nxd5 22. Qxd5 Rxc2 23. Rxc2 Rxc2 24. Qb3 Qc7 25. g3 h6 26. d5 exd5 27. Qxd5 Rxb2 28. Re8+ Kh7 29. Qf5+ g6 30. Qf6 Qc1+ 31. Kh2 Rxf2+ 1-0

[Event "RUS-chT Blitz (Women)"]
[Site "Sochi"]
[Date "2023.10.17"]
[Round "9.12"]
[White "Tsamalaidze, Liana"]
[Black "Nasybullina, Alfia"]
[Result "0-1"]
[WhiteElo "1714"]
[BlackElo "2045"]
[PlyCount "55"]
[EventDate "2023.10.17"]
[EventType "team-tourn (blitz)"]
[EventRounds "13"]
[EventCountry "RUS"]
[SourceTitle "Mega2024 Update 01"]
[Source "Chessbase"]
[SourceDate "2023.11.12"]
[SourceVersion "1"]
[SourceVersionDate "2023.11.12"]
[SourceQuality "1"]
[WhiteTeam "Krasnodar Etyud Saavedry (W)"]
[BlackTeam "Krasnodar Kassiopeya (W)"]
[WhiteTeamCountry "RUS"]
[BlackTeamCountry "RUS"]

1. d4 Nf6 2. c4 c5 3. d5 e6 4. Nc3 exd5 5. Nxd5 Nc6 6. Nf3 d6 7. g3 Nxd5 8. cxd5 Ne7 9. Bg2 g6 10. 0-0 Bg7 11. Re1 Rf8 12. Rb1 b5 13. Bg5 h6 14. Bf4 g5 15. Bc1 f5 16. b4 c4 17. Nd4 Qb6 18. Ne6 Bxe6 19. dxe6 Rd8 20. Be3 Qa6 21. Qc2 d5 22. Red1 d4 23. Bc1 Qxe6 24. a4 a6 25. axb5 axb5 26. Qa2 Nd5 27. Kf1 Nc3 28. Qc2 0-1

[Event "Titled Tuesday intern op 08th Aug Late"]
[Site "Chess.com INT"]
[Date "2023.08.08"]
[Round "1"]
[White "Adan Bermudez, Sergio"]
[Black "Nasybullina, Alfia"]
[Result "1-0"]
[WhiteElo "2322"]
[BlackElo "2045"]
[PlyCount "57"]
[EventDate "2023.08.08"]
[EventType "swiss (blitz)"]
[EventRounds "11"]
[EventCountry "USA"]
[SourceTitle "EXT 2024"]
[Source "ChessBase"]
[SourceDate "2023.10.10"]
[SourceVersion "1"]
[SourceVersionDate "2023.10.10"]
[SourceQuality "1"]

1. c4 e5 2. Nc3 d6 3. Nf3 Nd7 4. d4 exd4 5. Nxd4 g6 6. g3 Bg7 7. Bg2 Ne7 8. 0-0 0-0 9. Bg5 h6 10. Be3 Ne5 11. b3 N7c6 12. h3 Kh7 13. Rc1 Rb8 14. Nd5 Bd7 15. f4 Nxd4 16. Bxd4 Nc6 17. Bxg7 Kxg7 18. e4 f5 19. exf5 Bxf5 20. g4 Bd7 21. Qd2 Kh7 22. Rce1 Re8 23. Rxe8 Bxe8 24. Qc3 Bf7 25. Nf6+ Kg7 26. Nh5+ Kf8 27. Qg7+ Ke8 28. Re1+ Ne7 29. Nf6# 1-0

[Event "Titled Tuesday intern op 08th Aug Late"]
[Site "Chess.com INT"]
[Date "2023.08.08"]
[Round "8"]
[White "Nasybullina, Alfia"]
[Black "Gulamirian, Korun"]
[Result "1-0"]
[WhiteElo "2045"]
[BlackElo "1816"]
[PlyCount "57"]
[EventDate "2023.08.08"]
[EventType "swiss (blitz)"]
[EventRounds "11"]
[EventCountry "USA"]
[SourceTitle "EXT 2024"]
[Source "ChessBase"]
[SourceDate "2023.10.10"]
[SourceVersion "1"]
[SourceVersionDate "2023.10.10"]
[SourceQuality "1"]

1. Nf3 Nf6 2. g3 g6 3. Bg2 Bg7 4. 0-0 0-0 5. c4 c6 6. Nc3 e6 7. c5 b6 8. d4 bxc5 9. dxc5 a5 10. Na4 Na6 11. Be3 Nb4 12. Bd4 Nfd5 13. Bxg7 Kxg7 14. e4 Ne7 15. a3 Na6 16. Nb6 d5 17. Nxa8 Nxc5 18. Qd4+ f6 19. Qxc5 Ba6 20. Rfe1 Rf7 21. Nd4 Qxa8 22. Nxe6+ Kg8 23. exd5 cxd5 24. Nc7 Qc6 25. Nxa6 Qxa6 26. Rxe7 Qd3 27. Rxf7 Kxf7 28. Qxd5+ Qxd5 29. Bxd5+ 1-0

[Event "Titled Tuesday intern op 08th Aug Late"]
[Site "Chess.com INT"]
[Date "2023.08.08"]
[Round "6"]
[White "Nasybullina, Alfia"]
[Black "Liu, Casper Yukun"]
[Result "0-1"]
[WhiteElo "2045"]
[BlackElo "2278"]
[PlyCount "44"]
[EventDate "2023.08.08"]
[EventType "swiss (blitz)"]
[EventRounds "11"]
[EventCountry "USA"]
[SourceTitle "EXT 2024"]
[Source "ChessBase"]
[SourceDate "2023.10.10"]
[SourceVersion "1"]
[SourceVersionDate "2023.10.10"]
[SourceQuality "1"]

1. Nf3 Nf6 2. g3 g6 3. Bg2 Bg7 4. 0-0 0-0 5. d4 d5 6. Bf4 c5 7. c3 Nc6 8. e3 Bf5 9. h3 Re8 10. g4 Bc8 11. Nbd2 b6 12. Rc1 Ba6 13. Re1 Rc8 14. Ne5 Nxe5 15. Bxe5 e6 16. g5 Nd7 17. Bxg7 Kxg7 18. Qg4 Bd3 19. Qh4 Qe7 20. e4 cxd4 21. exd5 dxc3 22. Rc2 Bxc2 0-1

[Event "Titled Tuesday intern op 08th Aug Late"]
[Site "Chess.com INT"]
[Date "2023.08.08"]
[Round "3"]
[White "Nasybullina, Alfia"]
[Black "Slovineanu, Viacheslav"]
[Result "0-1"]
[WhiteElo "2045"]
[BlackElo "2412"]
[PlyCount "64"]
[EventDate "2023.08.08"]
[EventType "swiss (blitz)"]
[EventRounds "11"]
[EventCountry "USA"]
[SourceTitle "EXT 2024"]
[Source "ChessBase"]
[SourceDate "2023.10.10"]
[SourceVersion "1"]
[SourceVersionDate "2023.10.10"]
[SourceQuality "1"]

1. Nf3 d6 2. g3 e5 3. e4 f5 4. d3 Nf6 5. Nc3 Be7 6. Bg2 Nc6 7. 0-0 0-0 8. Bg5 h6 9. Bxf6 Bxf6 10. Nd5 Kh7 11. c3 Ne7 12. c4 c6 13. Nxe7 Qxe7 14. Nd2 Qf7 15. Bh3 Bd8 16. exf5 Bxf5 17. Bxf5+ Qxf5 18. Qe2 Bb6 19. Rae1 Bd4 20. b4 a5 21. b5 a4 22. Qe4 Kh8 23. bxc6 bxc6 24. Qxf5 Rxf5 25. Ne4 d5 26. cxd5 cxd5 27. Nd6 Rf6 28. Nb5 Bb2 29. Re2 a3 30. Rfe1 Ra5 31. Nc7 Rc6 32. Ne8 Ra8 0-1

[Event "Titled Tuesday intern op 01st Aug Early"]
[Site "Chess.com INT"]
[Date "2023.08.01"]
[Round "5"]
[White "Balla, Tamas Kristof"]
[Black "Nasybullina, Alfia"]
[Result "1-0"]
[WhiteElo "2303"]
[BlackElo "2045"]
[PlyCount "91"]
[EventDate "2023.08.01"]
[EventType "swiss (blitz)"]
[EventRounds "11"]
[EventCountry "USA"]
[SourceTitle "EXT 2024"]
[Source "ChessBase"]
[SourceDate "2023.10.10"]
[SourceVersion "1"]
[SourceVersionDate "2023.10.10"]
[SourceQuality "1"]

1. e4 e6 2. d4 d5 3. Nd2 c5 4. exd5 Qxd5 5. Ngf3 cxd4 6. Bc4 Qd7 7. 0-0 Nc6 8. Nb3 Nf6 9. Nbxd4 Nxd4 10. Nxd4 a6 11. c3 Qc7 12. Bb3 Be7 13. Qf3 0-0 14. Bg5 b5 15. Bxf6 Bxf6 16. Qxa8 Bb7 17. Qa7 Ra8 18. Nxb5 axb5 19. Qe3 Be7 20. Rad1 Qc6 21. Qh3 Bc5 22. Rd3 h6 23. Rfd1 Qb6 24. Qg3 b4 25. cxb4 Bxb4 26. Rd7 Bf8 27. Qf4 f6 28. Qg4 Ra6 29. Bxe6+ Qxe6 30. Qxe6+ Rxe6 31. Rxb7 Re2 32. a3 Kh7 33. f3 Bc5+ 34. Kh1 Kg6 35. h3 Bf8 36. a4 Bc5 37. a5 Re6 38. Ra1 Ra6 39. b4 Bd4 40. Ra2 Re6 41. Kh2 Re1 42. a6 Be5+ 43. g3 Bd4 44. a7 Re8 45. a8Q Rxa8 46. Rxa8 1-0

[Event "Titled Tuesday intern op 01st Aug Early"]
[Site "Chess.com INT"]
[Date "2023.08.01"]
[Round "8"]
[White "Elissalt Cardenas, Hector"]
[Black "Nasybullina, Alfia"]
[Result "0-1"]
[WhiteElo "2329"]
[BlackElo "2045"]
[PlyCount "82"]
[EventDate "2023.08.01"]
[EventType "swiss (blitz)"]
[EventRounds "11"]
[EventCountry "USA"]
[SourceTitle "EXT 2024"]
[Source "ChessBase"]
[SourceDate "2023.10.10"]
[SourceVersion "1"]
[SourceVersionDate "2023.10.10"]
[SourceQuality "1"]

1. d4 Nf6 2. c4 c5 3. d5 e6 4. Nc3 exd5 5. cxd5 d6 6. Nf3 g6 7. h3 Bg7 8. Bf4 0-0 9. e3 b6 10. Nd2 Ne8 11. Nc4 Ba6 12. a4 Bxc4 13. Bxc4 a6 14. 0-0 Nd7 15. Qd3 Qc8 16. Rab1 Ne5 17. Bxe5 Bxe5 18. b4 Nc7 19. bxc5 bxc5 20. Ne4 Qd7 21. Rb7 Rfb8 22. Rfb1 Rxb7 23. Rxb7 h6 24. Qb3 f5 25. Qb6 Rc8 26. Nxc5 dxc5 27. Qxg6+ Kf8 28. d6 Bxd6 29. Qxh6+ Ke7 30. Qg5+ Ke8 31. h4 Be7 32. Qg6+ Kd8 33. g3 Qe8 34. Qxf5 Qd7 35. Qg6 Qe8 36. Qd3+ Qd7 37. Qh7 Bf8 38. Qg8 Qe8 39. Qg5+ Qe7 40. Qf5 Qe8 41. Qe4 Qxe4 0-1

[Event "Titled Tuesday intern op 01st Aug Early"]
[Site "Chess.com INT"]
[Date "2023.08.01"]
[Round "11"]
[White "Nasybullina, Alfia"]
[Black "Bueno, Alfeu Varela Jr"]
[Result "1-0"]
[WhiteElo "2045"]
[BlackElo "2135"]
[PlyCount "103"]
[EventDate "2023.08.01"]
[EventType "swiss (blitz)"]
[EventRounds "11"]
[EventCountry "USA"]
[SourceTitle "EXT 2024"]
[Source "ChessBase"]
[SourceDate "2023.10.10"]
[SourceVersion "1"]
[SourceVersionDate "2023.10.10"]
[SourceQuality "1"]

1. Nf3 e6 2. g3 f5 3. d4 b6 4. Bg2 Bb7 5. 0-0 Nf6 6. c4 Be7 7. Nc3 Ne4 8. Nxe4 Bxe4 9. Ne5 Bxg2 10. Kxg2 0-0 11. h4 d6 12. Nf3 Nd7 13. Bg5 Bf6 14. e3 Qe8 15. Qc2 e5 16. Bxf6 Rxf6 17. dxe5 dxe5 18. e4 f4 19. Rad1 Nc5 20. Rd5 Qg6 21. Rxe5 Raf8 22. b4 Ne6 23. Rf5 Rxf5 24. exf5 Rxf5 25. Qe4 fxg3 26. fxg3 Qf6 27. Nd2 Rxf1 28. Nxf1 Nd4 29. Ne3 c6 30. Qe8+ Qf8 31. Qe4 Qd6 32. Ng4 h6 33. Ne5 c5 34. bxc5 Qxc5 35. Qd5+ Qxd5+ 36. cxd5 Kf8 37. Kf2 Ke7 38. Ke3 Nf5+ 39. Kf4 Nd6 40. Nc6+ Kd7 41. Nxa7 b5 42. Nc6 Nc4 43. Ne5+ Kd6 44. Nxc4+ bxc4 45. Ke4 g5 46. hxg5 hxg5 47. Kd4 c3 48. Kxc3 Kxd5 49. a4 Ke4 50. a5 Kf3 51. a6 Kxg3 52. a7 1-0

[Event "Titled Tuesday intern op 01st Aug Early"]
[Site "Chess.com INT"]
[Date "2023.08.01"]
[Round "7"]
[White "Nasybullina, Alfia"]
[Black "Daurimbetov, Azamat"]
[Result "1-0"]
[WhiteElo "2045"]
[BlackElo "2134"]
[PlyCount "71"]
[EventDate "2023.08.01"]
[EventType "swiss (blitz)"]
[EventRounds "11"]
[EventCountry "USA"]
[SourceTitle "EXT 2024"]
[Source "ChessBase"]
[SourceDate "2023.10.10"]
[SourceVersion "1"]
[SourceVersionDate "2023.10.10"]
[SourceQuality "1"]

1. Nf3 Nf6 2. g3 b5 3. Bg2 Bb7 4. 0-0 e6 5. d4 Be7 6. a4 b4 7. c4 bxc3 8. Nxc3 0-0 9. b3 d6 10. Bb2 a5 11. Rc1 Na6 12. Nd2 Bxg2 13. Kxg2 c5 14. Nc4 Rc8 15. d5 e5 16. e4 Nb4 17. f4 exf4 18. gxf4 Qd7 19. h3 g6 20. Qf3 Rfe8 21. Nb6 Qb7 22. Nxc8 Rxc8 23. Nb5 Ne8 24. Rcd1 Rd8 25. Rfe1 Bf6 26. Qf2 Kg7 27. Kh2 Qd7 28. Bxf6+ Nxf6 29. Qb2 Qe7 30. e5 dxe5 31. Rxe5 Nfxd5 32. Rxe7+ Kf8 33. Ree1 Kg8 34. Nc7 Rc8 35. Nxd5 Nxd5 36. Rxd5 1-0